000 00580nam a2200193Ia 4500
005 20250508164828.0
008 008 250505s9999 xx 000 0 hin d
037 _aDissertations
040 _aFEDL
_beng
_cFEDL
041 _ahin
_2eng
084 _a300.7, SAR/DI
_qFEDL
100 _aSarita
245 0 _a"Samajik vigyan ke parivartit patthyakaram per shikshako ke nazariye avam samajh ka addhyan"
260 _c2005
300 _a114p.
546 _aM. Phil. Dissertation (Delhi University)
942 _cDIS
_h300.7, SAR/DI
999 _c1391443
_d1391443